000 00656nam a2200265Ia 4500
005 20260121170614.0
008 008 260114s9999 xx 000 0 eng d
020 _a9783319895512
037 _aEBOOK
040 _aCRL
040 _beng
040 _cCRL
041 _2eng
041 _aeng
084 _qCRL
100 _aAlexzander A. A. Asea, Punit Kaur
_91065931
245 0 _aHSP70 in Human Diseases and Disorders
260 _bSpringer
260 _bSpringer
260 _c2018
856 _uhttps://link.springer.com/openurl?genre=book&isbn=978-3-319-89551-2
942 _cEBOOK
999 _c1631661
_d1631661